| 000 | 02471cam a22002535a 4500 | ||
|---|---|---|---|
| 001 | 14278539 | ||
| 005 | 20160131120037.0 | ||
| 008 | 060223s2012 enk frb 001 0 eng d | ||
| 020 | _z9780789018229 | ||
| 040 |
_aDNLM/DLC _cDLC _dNLM _dBAKER _dUKM _dBTCTA _dC#P _dYDXCP _dOCLCQ _dDLC _dEG-ScBUE _beng |
||
| 043 | _an-us--- | ||
| 082 | 0 | 4 |
_a344.730416 _222 _bPHA |
| 245 | 0 | 0 |
_aPharmacy law desk reference / _ceditor Delbert D. Konnor. |
| 260 |
_aOxon ; _aNew York : _bRoutledge / Taylor & Francis Group, _c2012. |
||
| 300 |
_axx, 555 p. ; _c23 cm. |
||
| 500 | _aIndex : p. 521-555. | ||
| 504 | _aIncludes bibliographical references. | ||
| 505 | 0 | _aThe function, evolution, and historical development of the law / Martha M. Rumore -- Forms of business organization / Francis B. Palumbo, George E. Rippel, Jr. -- Federal Food, Drug, and Cosmetic Act / Larry R. Pilot -- The pharmacist's responsibility under the Controlled Substances Act and related matters / Delbert D. Konnor -- Principles of professional liability insurance for pharmacists / Kenneth R. Baker -- Patent law, trademarks, and copyrights / Martha M. Rumore -- Pharmacy trade regulation / Richard A. Feinstein, Daniel A. Kotchen -- Administrative law / Sharon Horn Roddan -- Professional practice acts / Norman A. Campbell -- Labor and employment law / Roger N. Morris, Sandra J. Creta -- Taxation / Jacqueline A. Henson -- Contracts / Jacqueline E. Artinger -- Crimes and torts / Norman A. Campbell -- Agency / Norman A. Campbell -- The interface between law and ethics in pharmacy practice / Margaret L. Eaton -- | |
| 505 | 0 | _aHIPAA privacy in the pharmacy / Brian A. Gallagher -- Medicare and Medicaid / Susan C. Winckler -- Certification in pharmacy : advanced level credentials, including specialty certification / Richard J. Bertin -- Collaborative drug therapy management / Marla J. Campbell -- Supportive personnel in pharmacy practice / Thomas George -- Quality improvement initiatives for pharmaceutical care / Garry Carneal -- Electronic prescribing / F. Nicholas Willard -- Telepharmacy : identifying legal issues for pharmacists / Edward D. Rickert, Melissa A. Madigan -- Medication error reporting / Jennifer Devine -- VIPPS : creating a new regulatory model for the Internet age / Carmen A. Catizone, Moira Gibbons. | |
| 650 | 0 |
_aPharmacy _xLaw and legislation _zUnited States. _2BUEsh _939184 |
|
| 653 |
_bPPhrm _cJuly2015 _cJanuary2016 |
||
| 700 | 1 |
_aKonnor, Delbert D., _eeditor. |
|
| 942 | _2ddc | ||
| 999 |
_c20295 _d20267 |
||